| 000 | 00983cad a22002295a 4500 | ||
|---|---|---|---|
| 001 | L157709 | ||
| 008 | 130328s2013 xxk f l 000 0 eng d | ||
| 035 | _a(Sirsi) u157709 | ||
| 041 | 0 | _aeng | |
| 110 | 2 |
_aUnited Kingdom _kLaws, etc. _95044 |
|
| 245 | 0 | 0 |
_aMobile Homes Act 2013 _h[electronic resource] |
| 260 |
_aLondon _bLegislation.gov.uk _c2013 |
||
| 520 | _aDeals with the licensing of mobile home sites by local authorities including ability to charge fees to register and the management of such sites by fit and competent persons. Amends Caravan Sites and Control of Development Act 1960 | ||
| 521 | _aAdvanced | ||
| 590 | _aKA | ||
| 650 | 2 | 4 | _aMOBILE HOMES ACT 2013 |
| 650 | 2 | 4 | _aCARAVAN SITES AND CONTROL OF DEVELOPMENT ACT 1960 |
| 651 | 4 |
_aEngland _y886- |
|
| 690 |
_aResidential property _96266 |
||
| 856 | 4 | 0 |
_uhttps://www.legislation.gov.uk/ukpga/2013/14/crossheading/licensing/enacted _zView the item free of charge online at www.legislation.gov.uk |
| 942 | _n0 | ||
| 999 |
_c114929 _d114929 |
||